[Event "DEM U16 2024"]
[Site "Willingen GER"]
[Date "2024.05.22"]
[Round "5"]
[White "Lutze, Max"]
[Black "Möller, Maurin"]
[Result "1-0"]
[Termination "normal"]
[Board "6"]
[WhiteElo "2054"]
[BlackElo "2193"]
[WhiteClock "00:16:23"]
[BlackClock "00:17:14"]
[PlyCount "67"]
[WhiteFideId "34614850"]
[BlackFideId "16265696"]
[EventCountry "GER"]
[EventRounds "9"]
[EventType "swiss"]
[EventDate "2024.05.18"]

1. Nf3 {[%clk 01:30:26]} {[%emt 00:00:32]} c5 {[%clk 01:30:46]} {[%emt
00:00:15]} 2. c4 {[%clk 01:30:21]} {[%emt 00:00:35]} e6 {[%clk 01:30:14]}
{[%emt 00:01:01]} 3. g3 {[%clk 01:30:26]} {[%emt 00:00:25]} Nf6 {[%clk
01:29:53]} {[%emt 00:00:52]} 4. Bg2 {[%clk 01:29:55]} {[%emt 00:01:01]} Nc6
{[%clk 01:28:40]} {[%emt 00:01:43]} 5. O-O {[%clk 01:29:18]} {[%emt 00:01:07]}
d5 {[%clk 01:22:41]} {[%emt 00:06:29]} 6. cxd5 {[%clk 01:29:23]} {[%emt
00:00:26]} Qxd5 {[%clk 01:22:54]} {[%emt 00:00:16]} 7. Nc3 {[%clk 01:28:47]}
{[%emt 00:01:06]} Qd7 {[%clk 01:22:41]} {[%emt 00:00:44]} 8. d3 {[%clk
01:18:55]} {[%emt 00:10:22]} Be7 {[%clk 01:22:23]} {[%emt 00:00:48]} 9. Bf4
{[%clk 01:08:36]} {[%emt 00:10:49]} O-O {[%clk 01:22:19]} {[%emt 00:00:34]} 10.
Ne5 {[%clk 01:05:58]} {[%emt 00:03:08]} Nxe5 {[%clk 01:22:24]} {[%emt
00:00:25]} 11. Bxe5 {[%clk 01:06:19]} {[%emt 00:00:08]} Rd8 {[%clk 00:57:24]}
{[%emt 00:25:30]} 12. Qb3 {[%clk 00:56:17]} {[%emt 00:10:33]} Bd6 {[%clk
00:52:30]} {[%emt 00:05:24]} 13. Bxf6 {[%clk 00:52:24]} {[%emt 00:04:23]} gxf6
{[%clk 00:52:54]} {[%emt 00:00:05]} 14. Ne4 {[%clk 00:51:53]} {[%emt 00:01:01]}
Be7 {[%clk 00:53:07]} {[%emt 00:00:17]} 15. Rac1 {[%clk 00:48:51]} {[%emt
00:03:31]} Rb8 {[%clk 00:38:23]} {[%emt 00:15:15]} 16. Nxc5 {[%clk 00:48:00]}
{[%emt 00:01:21]} Qd6 {[%clk 00:38:21]} {[%emt 00:00:31]} 17. Ne4 {[%clk
00:43:36]} {[%emt 00:04:55]} Qe5 {[%clk 00:37:48]} {[%emt 00:01:03]} 18. e3
{[%clk 00:42:26]} {[%emt 00:01:40]} f5 {[%clk 00:37:52]} {[%emt 00:00:26]} 19.
d4 {[%clk 00:42:35]} {[%emt 00:00:21]} Qa5 {[%clk 00:37:55]} {[%emt 00:00:28]}
20. Nc3 {[%clk 00:41:17]} {[%emt 00:01:47]} Bd7 {[%clk 00:32:02]} {[%emt
00:06:24]} 21. d5 {[%clk 00:32:52]} {[%emt 00:08:54]} Kg7 {[%clk 00:31:36]}
{[%emt 00:00:55]} 22. dxe6 {[%clk 00:31:36]} {[%emt 00:01:47]} fxe6 {[%clk
00:31:19]} {[%emt 00:00:47]} 23. Rfd1 {[%clk 00:29:29]} {[%emt 00:02:36]} Bf6
{[%clk 00:28:08]} {[%emt 00:03:41]} 24. e4 {[%clk 00:20:03]} {[%emt 00:09:56]}
b5 {[%clk 00:20:42]} {[%emt 00:07:57]} 25. Rxd7+ {[%clk 00:16:03]} {[%emt
00:04:30]} Rxd7 {[%clk 00:21:01]} {[%emt 00:00:11]} 26. Qxe6 {[%clk 00:16:19]}
{[%emt 00:00:13]} Re7 {[%clk 00:16:59]} {[%emt 00:04:33]} 27. Qxf5 {[%clk
00:16:39]} {[%emt 00:00:10]} Re5 {[%clk 00:17:13]} {[%emt 00:00:16]} 28. Qd7+
{[%clk 00:16:41]} {[%emt 00:00:27]} Re7 {[%clk 00:17:05]} {[%emt 00:00:38]} 29.
Qg4+ {[%clk 00:17:03]} {[%emt 00:00:08]} Kh8 {[%clk 00:17:20]} {[%emt
00:00:15]} 30. Nd5 {[%clk 00:16:35]} {[%emt 00:00:58]} Rg7 {[%clk 00:17:36]}
{[%emt 00:00:14]} 31. Qf4 {[%clk 00:16:13]} {[%emt 00:00:51]} Bxb2 {[%clk
00:16:24]} {[%emt 00:01:44]} 32. Qxb8+ {[%clk 00:16:03]} {[%emt 00:00:40]} Rg8
{[%clk 00:16:48]} {[%emt 00:00:05]} 33. Rc8 {[%clk 00:16:00]} {[%emt 00:00:32]}
Qe1+ {[%clk 00:17:14]} {[%emt 00:00:05]} 34. Bf1 {[%clk 00:16:23]} {[%emt
00:00:08]} 1-0

[Event "DEM U16 2024"]
[Site "Willingen GER"]
[Date "2024.05.22"]
[Round "5"]
[White "Karle, Sam"]
[Black "Lübke, Florentin"]
[Result "1/2-1/2"]
[Termination "normal"]
[Board "7"]
[WhiteElo "2070"]
[BlackElo "2207"]
[WhiteClock "00:15:49"]
[BlackClock "00:10:38"]
[PlyCount "139"]
[WhiteFideId "16290089"]
[BlackFideId "16281799"]
[EventCountry "GER"]
[EventRounds "9"]
[EventType "swiss"]
[EventDate "2024.05.18"]

1. e4 {[%clk 01:30:55]} {[%emt 00:00:04]} c5 {[%clk 01:30:56]} {[%emt
00:00:05]} 2. Nf3 {[%clk 01:31:18]} {[%emt 00:00:06]} d6 {[%clk 01:31:23]}
{[%emt 00:00:03]} 3. Bb5+ {[%clk 01:31:35]} {[%emt 00:00:13]} Nd7 {[%clk
01:31:27]} {[%emt 00:00:27]} 4. O-O {[%clk 01:31:54]} {[%emt 00:00:11]} a6
{[%clk 01:31:26]} {[%emt 00:00:31]} 5. Bd3 {[%clk 01:32:17]} {[%emt 00:00:07]}
Ngf6 {[%clk 01:31:26]} {[%emt 00:00:30]} 6. Re1 {[%clk 01:32:34]} {[%emt
00:00:13]} b5 {[%clk 01:28:19]} {[%emt 00:03:37]} 7. a4 {[%clk 01:32:55]}
{[%emt 00:00:09]} Bb7 {[%clk 01:27:29]} {[%emt 00:01:21]} 8. axb5 {[%clk
01:33:12]} {[%emt 00:00:13]} axb5 {[%clk 01:27:20]} {[%emt 00:00:39]} 9. Rxa8
{[%clk 01:33:30]} {[%emt 00:00:11]} Qxa8 {[%clk 01:27:14]} {[%emt 00:00:36]}
10. Bxb5 {[%clk 01:30:33]} {[%emt 00:03:27]} Bxe4 {[%clk 01:25:39]} {[%emt
00:02:04]} 11. Nc3 {[%clk 01:22:58]} {[%emt 00:08:05]} Bxf3 {[%clk 01:10:54]}
{[%emt 00:15:17]} 12. Qxf3 {[%clk 01:22:55]} {[%emt 00:00:32]} Qxf3 {[%clk
01:11:17]} {[%emt 00:00:07]} 13. gxf3 {[%clk 01:23:18]} {[%emt 00:00:07]} e6
{[%clk 01:09:53]} {[%emt 00:01:55]} 14. d4 {[%clk 01:12:20]} {[%emt 00:11:28]}
cxd4 {[%clk 00:59:14]} {[%emt 00:11:09]} 15. Ne2 {[%clk 01:12:43]} {[%emt
00:00:06]} d3 {[%clk 00:58:54]} {[%emt 00:00:51]} 16. Bxd3 {[%clk 01:13:06]}
{[%emt 00:00:06]} d5 {[%clk 00:54:38]} {[%emt 00:04:46]} 17. Nd4 {[%clk
01:09:25]} {[%emt 00:04:11]} Bd6 {[%clk 00:46:58]} {[%emt 00:08:06]} 18. c3
{[%clk 00:53:59]} {[%emt 00:16:00]} O-O {[%clk 00:46:41]} {[%emt 00:00:47]} 19.
b4 {[%clk 00:50:40]} {[%emt 00:03:50]} Ne5 {[%clk 00:39:53]} {[%emt 00:07:18]}
20. Bf1 {[%clk 00:44:03]} {[%emt 00:07:06]} Rc8 {[%clk 00:38:15]} {[%emt
00:02:09]} 21. Bd2 {[%clk 00:43:32]} {[%emt 00:01:01]} Nfd7 {[%clk 00:36:38]}
{[%emt 00:02:07]} 22. Ra1 {[%clk 00:41:30]} {[%emt 00:02:32]} Nb6 {[%clk
00:35:33]} {[%emt 00:01:35]} 23. Kg2 {[%clk 00:40:30]} {[%emt 00:01:30]} Nec4
{[%clk 00:33:35]} {[%emt 00:02:28]} 24. Be1 {[%clk 00:38:04]} {[%emt 00:02:56]}
Be5 {[%clk 00:23:56]} {[%emt 00:10:10]} 25. Ra6 {[%clk 00:34:45]} {[%emt
00:03:48]} g6 {[%clk 00:20:22]} {[%emt 00:04:04]} 26. Bxc4 {[%clk 00:27:19]}
{[%emt 00:07:56]} Nxc4 {[%clk 00:19:57]} {[%emt 00:00:55]} 27. Nc6 {[%clk
00:23:21]} {[%emt 00:04:28]} Bd6 {[%clk 00:19:31]} {[%emt 00:00:55]} 28. Na5
{[%clk 00:21:35]} {[%emt 00:02:17]} Nxa5 {[%clk 00:17:05]} {[%emt 00:02:56]}
29. Rxa5 {[%clk 00:16:45]} {[%emt 00:05:20]} Bf4 {[%clk 00:15:56]} {[%emt
00:01:38]} 30. Ra1 {[%clk 00:15:46]} {[%emt 00:01:29]} Kg7 {[%clk 00:10:40]}
{[%emt 00:05:47]} 31. h3 {[%clk 00:15:04]} {[%emt 00:01:12]} Kf6 {[%clk
00:10:26]} {[%emt 00:00:44]} 32. Kf1 {[%clk 00:14:34]} {[%emt 00:00:59]} h5
{[%clk 00:08:06]} {[%emt 00:02:50]} 33. Ke2 {[%clk 00:14:21]} {[%emt 00:00:44]}
Ke5 {[%clk 00:06:48]} {[%emt 00:01:47]} 34. Kd3 {[%clk 00:12:56]} {[%emt
00:01:55]} g5 {[%clk 00:04:28]} {[%emt 00:02:50]} 35. Ra2 {[%clk 00:10:52]}
{[%emt 00:02:34]} h4 {[%clk 00:02:46]} {[%emt 00:02:12]} 36. Ra4 {[%clk
00:06:38]} {[%emt 00:04:44]} Rc4 {[%clk 00:01:52]} {[%emt 00:01:22]} 37. Ra8
{[%clk 00:06:17]} {[%emt 00:00:52]} Rc7 {[%clk 00:02:02]} {[%emt 00:00:18]} 38.
b5 {[%clk 00:02:57]} {[%emt 00:03:54]} Kd6 {[%clk 00:01:37]} {[%emt 00:00:54]}
39. b6 {[%clk 00:00:56]} {[%emt 00:02:32]} Rb7 {[%clk 00:01:40]} {[%emt
00:00:26]} 40. Ra7 {[%clk 00:00:42]} {[%emt 00:00:44]} Kc6 {[%clk 00:01:03]}
{[%emt 00:01:07]} 41. Rxb7 {[%clk 00:01:07]} {[%emt 00:00:06]} Kxb7 {[%clk
00:01:15]} {[%emt 00:00:17]} 42. c4 {[%clk 00:29:53]} {[%emt 00:01:44]} dxc4+
{[%clk 00:31:04]} {[%emt 00:00:41]} 43. Kxc4 {[%clk 00:29:39]} {[%emt
00:00:43]} Kxb6 {[%clk 00:31:27]} {[%emt 00:00:07]} 44. Kd3 {[%clk 00:29:37]}
{[%emt 00:00:32]} Kc5 {[%clk 00:31:14]} {[%emt 00:00:43]} 45. Bc3 {[%clk
00:29:17]} {[%emt 00:00:50]} Kd5 {[%clk 00:31:32]} {[%emt 00:00:12]} 46. Ke2
{[%clk 00:28:54]} {[%emt 00:00:52]} Kd6 {[%clk 00:29:26]} {[%emt 00:02:37]} 47.
Bb4+ {[%clk 00:28:01]} {[%emt 00:01:24]} Ke5 {[%clk 00:29:23]} {[%emt
00:00:33]} 48. Bc3+ {[%clk 00:27:43]} {[%emt 00:00:47]} Kf5 {[%clk 00:29:37]}
{[%emt 00:00:17]} 49. Kf1 {[%clk 00:26:54]} {[%emt 00:01:19]} Bc1 {[%clk
00:28:26]} {[%emt 00:01:42]} 50. Bb4 {[%clk 00:26:56]} {[%emt 00:00:27]} Kf4
{[%clk 00:26:48]} {[%emt 00:02:06]} 51. Kg2 {[%clk 00:25:48]} {[%emt 00:01:40]}
Ke5 {[%clk 00:27:11]} {[%emt 00:00:07]} 52. Bc3+ {[%clk 00:25:49]} {[%emt
00:00:29]} Kd5 {[%clk 00:27:10]} {[%emt 00:00:31]} 53. Bf6 {[%clk 00:25:50]}
{[%emt 00:00:29]} Kc4 {[%clk 00:26:54]} {[%emt 00:00:46]} 54. Bd8 {[%clk
00:25:46]} {[%emt 00:00:34]} Kd3 {[%clk 00:27:06]} {[%emt 00:00:17]} 55. Be7
{[%clk 00:25:02]} {[%emt 00:01:15]} Ke2 {[%clk 00:26:17]} {[%emt 00:01:19]} 56.
Bf6 {[%clk 00:25:01]} {[%emt 00:00:30]} Bd2 {[%clk 00:26:27]} {[%emt 00:00:20]}
57. Be7 {[%clk 00:24:52]} {[%emt 00:00:39]} f5 {[%clk 00:20:24]} {[%emt
00:06:33]} 58. Bf6 {[%clk 00:24:43]} {[%emt 00:00:38]} Be1 {[%clk 00:17:38]}
{[%emt 00:03:16]} 59. Bxg5 {[%clk 00:20:55]} {[%emt 00:04:19]} Bxf2 {[%clk
00:18:00]} {[%emt 00:00:08]} 60. Bf4 {[%clk 00:19:57]} {[%emt 00:01:27]} Be1
{[%clk 00:16:04]} {[%emt 00:02:25]} 61. Bc7 {[%clk 00:20:04]} {[%emt 00:00:24]}
Bg3 {[%clk 00:10:02]} {[%emt 00:06:32]} 62. Bxg3 {[%clk 00:12:43]} {[%emt
00:07:51]} hxg3 {[%clk 00:10:27]} {[%emt 00:00:06]} 63. h4 {[%clk 00:13:01]}
{[%emt 00:00:12]} f4 {[%clk 00:09:56]} {[%emt 00:01:01]} 64. h5 {[%clk
00:13:25]} {[%emt 00:00:06]} e5 {[%clk 00:10:04]} {[%emt 00:00:23]} 65. h6
{[%clk 00:13:53]} {[%emt 00:00:01]} e4 {[%clk 00:10:19]} {[%emt 00:00:15]} 66.
fxe4 {[%clk 00:14:15]} {[%emt 00:00:08]} f3 {[%clk 00:10:39]} {[%emt 00:00:09]}
67. Kxg3 {[%clk 00:14:39]} {[%emt 00:00:06]} f2 {[%clk 00:11:04]} {[%emt
00:00:05]} 68. h7 {[%clk 00:15:00]} {[%emt 00:00:10]} f1=Q {[%clk 00:11:13]}
{[%emt 00:00:21]} 69. h8=Q {[%clk 00:15:26]} {[%emt 00:00:04]} Qf3+ {[%clk
00:10:38]} {[%emt 00:01:04]} 70. Kh2 {[%clk 00:15:49]} {[%emt 00:00:06]}
1/2-1/2

[Event "DEM U16 2024"]
[Site "Willingen GER"]
[Date "2024.05.22"]
[Round "5"]
[White "Hoppstädter, Daniel"]
[Black "Haubold, Sebastian"]
[Result "0-1"]
[Termination "normal"]
[Board "8"]
[WhiteElo "2155"]
[BlackElo "2127"]
[WhiteClock "00:37:12"]
[BlackClock "00:38:48"]
[PlyCount "40"]
[WhiteFideId "16243625"]
[BlackFideId "16259637"]
[EventCountry "GER"]
[EventRounds "9"]
[EventType "swiss"]
[EventDate "2024.05.18"]

1. d4 {[%clk 01:30:55]} {[%emt 00:00:03]} Nf6 {[%clk 01:30:48]} {[%emt
00:00:12]} 2. c4 {[%clk 01:31:14]} {[%emt 00:00:12]} g6 {[%clk 01:31:08]}
{[%emt 00:00:09]} 3. Nc3 {[%clk 01:31:36]} {[%emt 00:00:08]} Bg7 {[%clk
01:31:22]} {[%emt 00:00:17]} 4. e4 {[%clk 01:31:58]} {[%emt 00:00:08]} d6
{[%clk 01:31:33]} {[%emt 00:00:19]} 5. Nf3 {[%clk 01:32:17]} {[%emt 00:00:11]}
O-O {[%clk 01:31:39]} {[%emt 00:00:24]} 6. Be2 {[%clk 01:32:33]} {[%emt
00:00:14]} e5 {[%clk 01:31:53]} {[%emt 00:00:16]} 7. d5 {[%clk 01:32:52]}
{[%emt 00:00:11]} a5 {[%clk 01:32:11]} {[%emt 00:00:12]} 8. h3 {[%clk
01:33:06]} {[%emt 00:00:16]} Nfd7 {[%clk 01:32:09]} {[%emt 00:00:33]} 9. g4
{[%clk 01:27:11]} {[%emt 00:06:24]} Nc5 {[%clk 01:31:57]} {[%emt 00:00:43]} 10.
Bg5 {[%clk 01:15:57]} {[%emt 00:11:44]} f6 {[%clk 01:32:17]} {[%emt 00:00:10]}
11. Bh4 {[%clk 01:16:17]} {[%emt 00:00:10]} a4 {[%clk 01:25:01]} {[%emt
00:07:46]} 12. Nd2 {[%clk 01:07:47]} {[%emt 00:09:00]} Bd7 {[%clk 01:20:21]}
{[%emt 00:05:10]} 13. a3 {[%clk 01:01:06]} {[%emt 00:07:12]} Bh6 {[%clk
01:17:45]} {[%emt 00:03:05]} 14. g5 {[%clk 00:54:02]} {[%emt 00:07:33]} Bxg5
{[%clk 01:04:23]} {[%emt 00:13:53]} 15. Bxg5 {[%clk 00:54:22]} {[%emt
00:00:10]} fxg5 {[%clk 01:04:50]} {[%emt 00:00:03]} 16. Qc2 {[%clk 00:48:06]}
{[%emt 00:06:46]} Qf6 {[%clk 00:59:35]} {[%emt 00:05:45]} 17. O-O-O {[%clk
00:44:42]} {[%emt 00:03:54]} Qxf2 {[%clk 00:53:38]} {[%emt 00:06:27]} 18. Kb1
{[%clk 00:39:30]} {[%emt 00:05:43]} Nba6 {[%clk 00:48:00]} {[%emt 00:06:08]}
19. Nf3 {[%clk 00:37:15]} {[%emt 00:02:44]} Qe3 {[%clk 00:47:52]} {[%emt
00:00:38]} 20. Rdf1 {[%clk 00:37:12]} {[%emt 00:00:33]} g4 {[%clk 00:38:48]}
{[%emt 00:09:35]} 0-1

[Event "DEM U16 2024"]
[Site "Willingen GER"]
[Date "2024.05.22"]
[Round "5"]
[White "Windmüller, Simon"]
[Black "Helms, Finn"]
[Result "1/2-1/2"]
[Termination "normal"]
[Board "9"]
[WhiteElo "2041"]
[BlackElo "2044"]
[WhiteClock "00:55:48"]
[BlackClock "00:15:00"]
[PlyCount "84"]
[WhiteFideId "16274032"]
[BlackFideId "16249143"]
[EventCountry "GER"]
[EventRounds "9"]
[EventType "swiss"]
[EventDate "2024.05.18"]

1. Nf3 {[%clk 01:30:51]} {[%emt 00:00:08]} Nf6 {[%clk 01:30:56]} {[%emt
00:00:06]} 2. c4 {[%clk 01:30:49]} {[%emt 00:00:31]} e6 {[%clk 01:31:17]}
{[%emt 00:00:10]} 3. g3 {[%clk 01:31:04]} {[%emt 00:00:14]} d5 {[%clk
01:31:42]} {[%emt 00:00:06]} 4. Bg2 {[%clk 01:31:17]} {[%emt 00:00:16]} d4
{[%clk 01:32:02]} {[%emt 00:00:10]} 5. O-O {[%clk 01:31:30]} {[%emt 00:00:16]}
c5 {[%clk 01:32:26]} {[%emt 00:00:07]} 6. e3 {[%clk 01:31:50]} {[%emt
00:00:10]} Nc6 {[%clk 01:32:51]} {[%emt 00:00:06]} 7. exd4 {[%clk 01:32:12]}
{[%emt 00:00:07]} cxd4 {[%clk 01:33:18]} {[%emt 00:00:03]} 8. d3 {[%clk
01:32:26]} {[%emt 00:00:16]} h6 {[%clk 01:33:01]} {[%emt 00:00:47]} 9. Re1
{[%clk 01:32:42]} {[%emt 00:00:14]} Bd6 {[%clk 01:32:49]} {[%emt 00:00:43]} 10.
Na3 {[%clk 01:32:55]} {[%emt 00:00:17]} O-O {[%clk 01:22:22]} {[%emt 00:10:56]}
11. Nc2 {[%clk 01:27:25]} {[%emt 00:06:00]} Bc5 {[%clk 01:09:32]} {[%emt
00:13:21]} 12. a3 {[%clk 01:23:44]} {[%emt 00:04:11]} a5 {[%clk 01:09:41]}
{[%emt 00:00:22]} 13. b3 {[%clk 01:24:14]} Nd7 {[%clk 00:57:12]} {[%emt
00:12:59]} 14. Bd2 {[%clk 01:22:04]} {[%emt 00:02:39]} e5 {[%clk 00:51:41]}
{[%emt 00:06:01]} 15. b4 {[%clk 01:21:12]} {[%emt 00:01:21]} Bd6 {[%clk
00:51:10]} {[%emt 00:01:01]} 16. Qe2 {[%clk 01:13:36]} {[%emt 00:08:05]} f5
{[%clk 00:36:34]} {[%emt 00:15:07]} 17. Nfxd4 {[%clk 01:11:18]} {[%emt
00:02:48]} Nxd4 {[%clk 00:33:16]} {[%emt 00:03:49]} 18. Nxd4 {[%clk 01:11:40]}
{[%emt 00:00:08]} Nf6 {[%clk 00:33:28]} {[%emt 00:00:17]} 19. Nb5 {[%clk
01:11:26]} {[%emt 00:00:44]} Bb8 {[%clk 00:33:43]} {[%emt 00:00:15]} 20. Bc3
{[%clk 01:09:58]} {[%emt 00:01:58]} Re8 {[%clk 00:32:16]} {[%emt 00:01:57]} 21.
bxa5 {[%clk 01:07:57]} {[%emt 00:02:30]} Qd7 {[%clk 00:28:44]} {[%emt
00:04:02]} 22. Rad1 {[%clk 01:03:40]} {[%emt 00:04:46]} Ra6 {[%clk 00:28:01]}
{[%emt 00:01:14]} 23. Qb2 {[%clk 01:03:54]} {[%emt 00:00:16]} Rae6 {[%clk
00:25:57]} {[%emt 00:02:34]} 24. Re2 {[%clk 01:02:06]} {[%emt 00:02:18]} Qf7
{[%clk 00:21:54]} {[%emt 00:04:32]} 25. Rde1 {[%clk 00:55:46]} {[%emt
00:06:50]} Qh5 {[%clk 00:21:04]} {[%emt 00:01:20]} 26. f3 {[%clk 00:54:46]}
{[%emt 00:01:30]} f4 {[%clk 00:14:15]} {[%emt 00:07:18]} 27. g4 {[%clk
00:40:15]} {[%emt 00:15:01]} Qg5 {[%clk 00:11:45]} {[%emt 00:03:01]} 28. Rf1
{[%clk 00:34:46]} {[%emt 00:05:59]} h5 {[%clk 00:11:10]} {[%emt 00:01:05]} 29.
h3 {[%clk 00:35:15]} hxg4 {[%clk 00:10:19]} {[%emt 00:01:23]} 30. hxg4 {[%clk
00:34:34]} {[%emt 00:01:11]} Kf7 {[%clk 00:09:46]} {[%emt 00:01:02]} 31. Rff2
{[%clk 00:34:32]} {[%emt 00:00:32]} Rh8 {[%clk 00:07:04]} {[%emt 00:03:12]} 32.
Kf1 {[%clk 00:34:30]} {[%emt 00:00:32]} Nxg4 {[%clk 00:06:10]} {[%emt
00:01:24]} 33. fxg4 {[%clk 00:34:53]} {[%emt 00:00:07]} Reh6 {[%clk 00:04:56]}
{[%emt 00:01:44]} 34. Rxe5 {[%clk 00:32:30]} {[%emt 00:02:54]} Rh1+ {[%clk
00:01:13]} {[%emt 00:04:13]} 35. Ke2 {[%clk 00:32:45]} {[%emt 00:00:15]} Bxe5
{[%clk 00:01:07]} {[%emt 00:00:37]} 36. Bxe5 {[%clk 00:33:14]} {[%emt
00:00:01]} Bxg4+ {[%clk 00:01:18]} {[%emt 00:00:18]} 37. Kd2 {[%clk 00:33:02]}
{[%emt 00:00:42]} f3+ {[%clk 00:01:38]} {[%emt 00:00:10]} 38. Kc2 {[%clk
00:33:31]} R8h2 {[%clk 00:01:19]} {[%emt 00:00:49]} 39. Bxh2 {[%clk 00:29:40]}
{[%emt 00:04:21]} Rxh2 {[%clk 00:01:29]} {[%emt 00:00:20]} 40. Kc3 {[%clk
00:26:48]} {[%emt 00:03:22]} Qe5+ {[%clk 00:00:35]} {[%emt 00:01:25]} 41. Nd4
{[%clk 00:25:28]} {[%emt 00:01:49]} Qe1+ {[%clk 00:19:30]} {[%emt 00:11:35]}
42. Kb3 {[%clk 00:55:48]} {[%emt 00:00:11]} Rxg2 {[%clk 00:15:00]} {[%emt
00:04:59]} 1/2-1/2

[Event "DEM U16 2024"]
[Site "Willingen GER"]
[Date "2024.05.22"]
[Round "5"]
[White "Krüger, Arthur"]
[Black "Haubold, Christian"]
[Result "0-1"]
[Termination "normal"]
[Board "10"]
[WhiteElo "1958"]
[BlackElo "2051"]
[WhiteClock "00:00:57"]
[BlackClock "00:20:21"]
[PlyCount "62"]
[WhiteFideId "16244966"]
[BlackFideId "16259629"]
[EventCountry "GER"]
[EventRounds "9"]
[EventType "swiss"]
[EventDate "2024.05.18"]

1. e4 {[%clk 01:30:55]} {[%emt 00:00:04]} e5 {[%clk 01:30:39]} {[%emt
00:00:22]} 2. Nf3 {[%clk 01:31:20]} {[%emt 00:00:05]} Nc6 {[%clk 01:31:02]}
{[%emt 00:00:07]} 3. Bc4 {[%clk 01:31:45]} {[%emt 00:00:04]} Nf6 {[%clk
01:31:07]} {[%emt 00:00:25]} 4. d3 {[%clk 01:31:21]} {[%emt 00:00:54]} Bc5
{[%clk 01:31:16]} {[%emt 00:00:21]} 5. O-O {[%clk 01:31:31]} {[%emt 00:00:20]}
O-O {[%clk 01:31:06]} {[%emt 00:00:41]} 6. Re1 {[%clk 01:29:29]} {[%emt
00:02:32]} d6 {[%clk 01:27:15]} {[%emt 00:04:21]} 7. c3 {[%clk 01:29:26]}
{[%emt 00:00:33]} a6 {[%clk 01:26:27]} {[%emt 00:01:19]} 8. a4 {[%clk
01:29:03]} {[%emt 00:00:51]} h6 {[%clk 01:24:58]} {[%emt 00:02:00]} 9. h3
{[%clk 01:28:48]} {[%emt 00:00:43]} Ba7 {[%clk 01:22:16]} {[%emt 00:03:13]} 10.
b4 {[%clk 01:25:12]} {[%emt 00:04:05]} Be6 {[%clk 01:19:22]} {[%emt 00:03:25]}
11. Bxe6 {[%clk 01:23:43]} {[%emt 00:01:59]} fxe6 {[%clk 01:19:45]} {[%emt
00:00:07]} 12. Be3 {[%clk 01:11:29]} {[%emt 00:12:45]} Nh5 {[%clk 01:14:28]}
{[%emt 00:05:46]} 13. Bxa7 {[%clk 00:46:54]} {[%emt 00:25:05]} Rxa7 {[%clk
01:14:20]} {[%emt 00:00:38]} 14. Re3 {[%clk 00:41:16]} {[%emt 00:06:07]} Nf4
{[%clk 01:09:23]} {[%emt 00:05:27]} 15. Ra2 {[%clk 00:37:14]} {[%emt 00:04:32]}
Ra8 {[%clk 00:58:23]} {[%emt 00:11:31]} 16. Kh2 {[%clk 00:35:01]} {[%emt
00:02:43]} d5 {[%clk 00:51:44]} {[%emt 00:07:08]} 17. exd5 {[%clk 00:27:37]}
{[%emt 00:07:54]} exd5 {[%clk 00:49:28]} {[%emt 00:02:47]} 18. Nxe5 {[%clk
00:19:34]} {[%emt 00:08:32]} Nxe5 {[%clk 00:48:54]} {[%emt 00:01:04]} 19. Rxe5
{[%clk 00:19:58]} {[%emt 00:00:06]} Qd6 {[%clk 00:48:44]} {[%emt 00:00:39]} 20.
Re3 {[%clk 00:17:20]} {[%emt 00:03:08]} d4 {[%clk 00:47:24]} {[%emt 00:01:51]}
21. Rg3 {[%clk 00:12:30]} {[%emt 00:05:21]} Rf5 {[%clk 00:44:36]} {[%emt
00:03:17]} 22. Kg1 {[%clk 00:11:53]} {[%emt 00:01:07]} Re8 {[%clk 00:43:03]}
{[%emt 00:02:03]} 23. Na3 {[%clk 00:09:03]} {[%emt 00:03:20]} Qe6 {[%clk
00:22:58]} {[%emt 00:20:35]} 24. Qg4 {[%clk 00:05:17]} {[%emt 00:04:16]} Qe1+
{[%clk 00:20:28]} {[%emt 00:02:59]} 25. Kh2 {[%clk 00:05:31]} {[%emt 00:00:16]}
Rf7 {[%clk 00:20:15]} {[%emt 00:00:43]} 26. Rf3 {[%clk 00:00:42]} {[%emt
00:05:20]} Ne2 {[%clk 00:19:36]} {[%emt 00:01:09]} 27. Rxe2 {[%clk 00:00:54]}
{[%emt 00:00:18]} Qxe2 {[%clk 00:19:56]} {[%emt 00:00:10]} 28. Rxf7 {[%clk
00:00:34]} {[%emt 00:00:50]} Qxg4 {[%clk 00:20:15]} {[%emt 00:00:11]} 29. hxg4
{[%clk 00:00:58]} {[%emt 00:00:06]} Kxf7 {[%clk 00:20:41]} {[%emt 00:00:04]}
30. cxd4 {[%clk 00:01:16]} {[%emt 00:00:13]} Re2 {[%clk 00:20:11]} {[%emt
00:01:00]} 31. Kg3 {[%clk 00:00:57]} {[%emt 00:00:50]} Rd2 {[%clk 00:20:21]}
{[%emt 00:00:19]} 0-1